SALES AND DISTRIBUTION MANAGEMENT (Record no. 16289)

MARC details
000 -LEADER
fixed length control field 00279nam a22001337a 4500
003 - CONTROL NUMBER IDENTIFIER
control field SGT
020 ## - INTERNATIONAL STANDARD BOOK NUMBER
International Standard Book Number 9788174468703
082 ## - DEWEY DECIMAL CLASSIFICATION NUMBER
Classification number 658.81
Item number S. L GUPTA
245 ## - TITLE STATEMENT
Title SALES AND DISTRIBUTION MANAGEMENT
250 ## - EDITION STATEMENT
Edition statement 2 ND
260 ## - PUBLICATION, DISTRIBUTION, ETC. (IMPRINT)
Name of publisher, distributor, etc EXELL
Year of Publication 2018
300 ## - PAGE DESCRIPTION
No. of Pages 814
942 ## - ADDED ENTRY ELEMENTS (KOHA)
Source of classification or shelving scheme Dewey Decimal Classification
Koha item type Books

No items available.